000 00867nam a2200241 c 4500
001 000030444
003 RuMoIPM
005 20260429124222.0
008 220530s1983 ru ||||| |||| 00| 0 rus d
035 _a(RuMoBEN) 001640339
040 _aRuMoBEN
_brus
_ercr
041 _arus
044 _aru
080 _a51(079)
100 _aНестеренко, Юрий Валентинович
245 _aЗадачи вступительных экзаменов по математике
_b[учебное пособие]
_cЮ. В. Нестеренко, С. Н. Олехник, М. К. Потапов
250 _a2-е изд., доп.
260 _aМосква
_bНаука
_c1983
300 _a448 с.
_bил.
700 1 _aОлехник, Слав Николаевич
700 1 _aПотапов, Михаил Константинович
942 _cBK
999 _c30444
_d30444